Größte ukrainische Städte - Statistiken

Allgemein
  • Dieses Quiz wurde 24 mal gespielt
  • Das Durchschnittsergebnis liegt bei 7 aus 15
Antwortstatistiken
Bevölkerung Stadt % Korrekt
2,952,301 Kiew
100%
1,010,537 Odessa
91%
901,650 Donezk
82%
1,421,125 Charkiw
77%
717,270 Lwiw
77%
968,500 Dnipro
45%
425,680 Mariupol
45%
397,680 Luhansk
41%
479,390 Sewastopol
41%
710,050 Saporischschja
36%
603,900 Krywyj Rih
9%
340,540 Simferopol
9%
470,010 Mykolajiw
5%
369,740 Winnyzja
5%
338,970 Makijiwka
0%
Keine übereinstimmenden Quizze gefunden
Verteilung der Resultate
Anzahl Personen mit jedem Resultat
Perzentil nach korrekt beantworteten Fragen
Ihre Resultats-Entwicklung
Sie haben dieses Quiz noch nicht gespielt